[Event "Sant Adria op 9th"]
[Site "Sant Adria"]
[Date "2014.06.01"]
[Round "5"]
[White "Vazquez Gamero, Miguel"]
[Black "Capellades Subirana, Marc"]
[Result "0-1"]
[WhiteElo "2078"]
[BlackElo "2245"]
[PlyCount "70"]
[EventDate "2014.05.04"]
[EventType "swiss"]
[EventRounds "8"]
[EventCountry "ESP"]
[SourceTitle "EXT 2015"]
[Source "ChessBase"]
[SourceDate "2014.11.20"]
[SourceVersion "1"]
[SourceVersionDate "2014.11.20"]
[SourceQuality "1"]

1. e4 e5 2. Nf3 Nc6 3. c3 d5 4. Qa4 f6 5. Bb5 Nge7 6. exd5 Qxd5 7. O-O Be6 8.
d4 a6 9. c4 Qd8 10. Bxc6+ bxc6 11. dxe5 Qd3 12. exf6 gxf6 13. Na3 Rg8 14. Be3
Bh3 15. g3 Qe4 16. Nh4 Bxf1 17. Rxf1 Qxh4 18. Bc5 Qe4 19. Nc2 Kf7 20. Re1 Qf5
21. Bxe7 Bxe7 22. Qxc6 Bc5 23. Qxc7+ Kg6 24. Ne3 Bxe3 25. Rxe3 Rge8 26. Re7
Rxe7 27. Qxe7 Qe5 28. Qd7 Re8 29. c5 Qe1+ 30. Kg2 Qe6 31. Qd1 Qe4+ 32. Kh3 Qf5+
33. Kg2 Qxc5 34. Qd3+ Qf5 35. Qxa6 Qd5+ 0-1

[Event "Stuttgart-chC int"]
[Site "Ditzingen"]
[Date "2014.05.31"]
[Round "7"]
[White "Eulering, Mira"]
[Black "Aksit, Ali Tayyib"]
[Result "1-0"]
[WhiteElo "1137"]
[BlackElo "725"]
[PlyCount "97"]
[EventDate "2014.05.29"]
[EventType "swiss"]
[EventRounds "7"]
[EventCountry "GER"]
[SourceTitle "EXT 2015"]
[Source "ChessBase"]
[SourceDate "2014.11.20"]
[SourceVersion "1"]
[SourceVersionDate "2014.11.20"]
[SourceQuality "1"]

1. e4 e5 2. Nf3 Nc6 3. c3 Nf6 4. d4 exd4 5. e5 Nd5 6. cxd4 Be7 7. Nc3 Nxc3 8.
bxc3 d5 9. Bd3 f6 10. Bf4 Be6 11. O-O Qd7 12. Re1 O-O-O 13. Qc2 g5 14. exf6
Bxf6 15. Nxg5 Bxg5 16. Bxg5 Rde8 17. Qa4 Rhg8 18. Bh4 Nb8 19. Qxa7 Qd6 20. Rab1
Nc6 21. Qxb7+ Kd7 22. Bg3 Rb8 23. Bxd6 Rxb7 24. Rxb7 Kxd6 25. Bxh7 Rb8 26. Rxb8
Nxb8 27. Bd3 Nd7 28. a4 c5 29. a5 c4 30. Bc2 Nb8 31. Rb1 Kc7 32. f4 Na6 33. Rb6
Nb8 34. Rxe6 Kd7 35. Re1 Nc6 36. a6 Kd8 37. f5 Kc7 38. f6 Nd8 39. Rf1 Kb6 40.
g4 Kxa6 41. g5 Ne6 42. g6 Kb5 43. g7 Nxg7 44. fxg7 Kc6 45. g8=Q Kb6 46. Qxd5
Kc7 47. Rf6 Kc8 48. Rf7 Kb8 49. Qd8# 1-0

[Event "Stuttgart-chC int"]
[Site "Ditzingen"]
[Date "2014.05.30"]
[Round "5"]
[White "Eulering, Mira"]
[Black "Giebler, Kai"]
[Result "0-1"]
[WhiteElo "1137"]
[BlackElo "1454"]
[PlyCount "50"]
[EventDate "2014.05.29"]
[EventType "swiss"]
[EventRounds "7"]
[EventCountry "GER"]
[SourceTitle "EXT 2015"]
[Source "ChessBase"]
[SourceDate "2014.11.20"]
[SourceVersion "1"]
[SourceVersionDate "2014.11.20"]
[SourceQuality "1"]

1. e4 e5 2. Nf3 Nc6 3. c3 d5 4. Bb5 Qd6 5. Qe2 Bd7 6. d4 dxe4 7. Qxe4 Nf6 8.
dxe5 Nxe4 9. exd6 Bxd6 10. Nbd2 Nxd2 11. Bxd2 O-O-O 12. O-O a6 13. Ba4 b5 14.
Bb3 Bg4 15. Bxf7 Bxf3 16. gxf3 Bxh2+ 17. Kxh2 Rxd2 18. b4 Ne5 19. Be6+ Kb8 20.
Kg2 Rf8 21. Bg4 Rc2 22. Rfc1 Rd2 23. Rd1 Rfd8 24. f4 Nxg4 25. Rf1 Ne3+ 0-1

[Event "FRA-ch blind 30th"]
[Site "Arras"]
[Date "2014.05.30"]
[Round "1"]
[White "Schmeisser, Alex"]
[Black "Polat, Pierre"]
[Result "0-1"]
[WhiteElo "1390"]
[BlackElo "1788"]
[PlyCount "66"]
[EventDate "2014.05.30"]
[EventType "swiss"]
[EventRounds "7"]
[EventCountry "FRA"]
[SourceTitle "EXT 2015"]
[Source "ChessBase"]
[SourceDate "2014.11.20"]
[SourceVersion "1"]
[SourceVersionDate "2014.11.20"]
[SourceQuality "1"]

1. e4 e5 2. Nf3 Nc6 3. c3 Nf6 4. d4 exd4 5. Bg5 h6 6. Bxf6 Qxf6 7. cxd4 Bb4+ 8.
Nc3 d6 9. Bb5 O-O 10. Bxc6 bxc6 11. O-O Re8 12. Qa4 Bxc3 13. Qxc6 Bg4 14. Qxc3
Rxe4 15. Qc6 Rae8 16. Ne5 R4xe5 17. dxe5 Rxe5 18. Rae1 Rxe1 19. Rxe1 Be6 20. b3
Qg5 21. Qf3 Qd2 22. Qe2 Qa5 23. f3 c5 24. Rd1 d5 25. f4 d4 26. h3 Qc3 27. Rd3
Qc1+ 28. Qf1 Qc2 29. f5 Bd5 30. f6 g6 31. g4 Be4 32. Rg3 d3 33. Qf4 d2 0-1

[Event "Stuttgart-chC int"]
[Site "Ditzingen"]
[Date "2014.05.29"]
[Round "3"]
[White "Eulering, Mira"]
[Black "Aydin, Sami"]
[Result "1-0"]
[WhiteElo "1137"]
[BlackElo "932"]
[PlyCount "67"]
[EventDate "2014.05.29"]
[EventType "swiss"]
[EventRounds "7"]
[EventCountry "GER"]
[SourceTitle "EXT 2015"]
[Source "ChessBase"]
[SourceDate "2014.11.20"]
[SourceVersion "1"]
[SourceVersionDate "2014.11.20"]
[SourceQuality "1"]

1. e4 e5 2. Nf3 Nc6 3. c3 Nf6 4. d4 exd4 5. e5 Ng4 6. cxd4 d5 7. Nc3 Bf5 8. Bd3
Bxd3 9. Qxd3 Bb4 10. h3 Nh6 11. O-O Bxc3 12. bxc3 Qe7 13. Re1 O-O-O 14. Bg5 Qa3
15. Bxd8 Rxd8 16. Re2 g6 17. Rb1 Na5 18. g4 a6 19. Qe3 Nc4 20. Qxh6 Qxc3 21.
Qf4 g5 22. Qxf7 h6 23. e6 Na3 24. e7 b5 25. exd8=Q+ Kb7 26. Qfxd5+ Kb6 27. Qc5+
Qxc5 28. dxc5+ Ka5 29. Qxc7+ Ka4 30. Re4+ Nc4 31. Rxc4+ bxc4 32. Qb6 a5 33.
Qb5+ Ka3 34. Qxa5# 1-0

[Event "NED CupT 1314"]
[Site "Wijchen"]
[Date "2014.05.29"]
[Round "2.4"]
[White "Bosch, Jeroen"]
[Black "Lombaers, Peter"]
[Result "0-1"]
[WhiteElo "2365"]
[BlackElo "2273"]
[PlyCount "110"]
[EventDate "2014.05.29"]
[EventType "team-k.o."]
[EventRounds "2"]
[EventCountry "NED"]
[SourceTitle "CBM 160 Extra"]
[Source "ChessBase"]
[SourceDate "2014.07.01"]
[SourceVersion "1"]
[SourceVersionDate "2014.07.01"]
[SourceQuality "1"]
[WhiteTeam "Calder HMC"]
[BlackTeam "Paul Keres"]
[WhiteTeamCountry "NED"]
[BlackTeamCountry "NED"]

1. e4 e5 2. Nf3 Nc6 3. c3 Nf6 4. d4 Nxe4 5. d5 Bc5 6. dxc6 Bxf2+ 7. Ke2 Bb6 8.
Qd5 Nf2 9. Qxe5+ Kf8 10. Rg1 dxc6 11. Be3 Ng4 12. Bc5+ Kg8 13. Qd4 Qe8+ 14. Kd2
Bf5 15. Bd3 Bxd3 16. Re1 Qd8 17. Bxb6 Bxb1 18. Raxb1 axb6 19. Kc2 Qxd4 20. Nxd4
Kf8 21. h3 Nf6 22. Kb3 h5 23. Rbd1 Rh6 24. Nf3 Re8 25. Ne5 h4 26. Rd2 Rh5 27.
Rde2 Re6 28. Ng6+ Ke8 29. Rxe6+ fxe6 30. Nf4 Rb5+ 31. Kc2 Rf5 32. Nxe6 Rf2+ 33.
Kb3 Kf7 34. Ng5+ Kf8 35. Nf3 Rxg2 36. Nxh4 Rg3 37. Rh1 g6 38. Rh2 Kf7 39. Ng2
g5 40. Ne1 Kg6 41. Kc2 Nd5 42. Nd3 Kh5 43. Ne5 Nf4 44. Rd2 Rg2 45. Rxg2 Nxg2
46. Kd3 Nf4+ 47. Ke4 Nxh3 48. Kf5 Nf2 49. Ng6 Nd1 50. Nf8 g4 51. Kf4 Kh4 52.
Ng6+ Kh3 53. Ne5 g3 54. Nf3 Nxb2 55. Ke5 g2 0-1

[Event "NED CupT 1314"]
[Site "Wijchen"]
[Date "2014.05.29"]
[Round "2.2"]
[White "Broekmeulen, Jasper"]
[Black "Wemmers, Xander"]
[Result "0-1"]
[WhiteElo "2433"]
[BlackElo "2354"]
[PlyCount "110"]
[EventDate "2014.05.29"]
[EventType "team-k.o."]
[EventRounds "2"]
[EventCountry "NED"]
[SourceTitle "CBM 160 Extra"]
[Source "ChessBase"]
[SourceDate "2014.07.01"]
[SourceVersion "1"]
[SourceVersionDate "2014.07.01"]
[SourceQuality "1"]
[WhiteTeam "Calder HMC"]
[BlackTeam "Paul Keres"]
[WhiteTeamCountry "NED"]
[BlackTeamCountry "NED"]

1. e4 e5 2. Nf3 Nc6 3. c3 Nf6 4. d4 Nxe4 5. d5 Ne7 6. Nxe5 Ng6 7. Qd4 Qf6 8.
Qxe4 Qxe5 9. Qxe5+ Nxe5 10. Be3 Be7 11. Nd2 O-O 12. Nc4 Nxc4 13. Bxc4 d6 14.
O-O Bf6 15. a4 Bd7 16. a5 b5 17. Bd3 a6 18. Rac1 c5 19. dxc6 Bxc6 20. Rfd1 Rfe8
21. Bf1 Rad8 22. Rd2 Re4 23. g3 d5 24. Bg2 Ra4 25. Bb6 Rd7 26. Bh3 Re7 27. Bd8
Re5 28. Bxf6 gxf6 29. b4 Ra3 30. Bg2 Kf8 31. Bf3 Ke7 32. Rd4 Kf8 33. Kg2 Ra2
34. Rcd1 Rc2 35. R1d3 Ke7 36. Rh4 Rf5 37. Rhd4 Re5 38. Bd1 Rc1 39. f3 Re1 40.
Kf2 Rh1 41. h4 Rh2+ 42. Ke3 Rb1 43. Rd2 Rh1 44. R4d3 Re1+ 45. Kd4 Kd6 46. Bc2
Rbc1 47. Re3 Rxe3 48. Kxe3 Re1+ 49. Re2 Rc1 50. Kf4 h6 51. Kf5 Rf1 52. Re3 d4
53. cxd4 Bxf3 54. Bd3 Be4+ 55. Kxe4 f5# 0-1

[Event "Zalakaros op 33rd"]
[Site "Zalakaros"]
[Date "2014.05.27"]
[Round "5"]
[White "Csonka, Attila Istvan"]
[Black "Boguszlavszkij, Jevgenyij"]
[Result "1/2-1/2"]
[WhiteElo "2351"]
[BlackElo "2217"]
[PlyCount "153"]
[EventDate "2014.05.23"]
[EventType "swiss"]
[EventRounds "9"]
[EventCountry "HUN"]
[SourceTitle "CBM 160 Extra"]
[Source "ChessBase"]
[SourceDate "2014.07.01"]
[SourceVersion "1"]
[SourceVersionDate "2014.07.01"]
[SourceQuality "1"]

1. e4 e5 2. Nf3 Nc6 3. c3 Nf6 4. d4 d6 5. d5 Nb8 6. Bg5 Be7 7. Bxf6 Bxf6 8. h3
Nd7 9. Bb5 a6 10. Bxd7+ Bxd7 11. c4 g6 12. Qb3 Rb8 13. Nbd2 Bg7 14. Qa3 O-O 15.
Rc1 b6 16. b4 f5 17. O-O a5 18. bxa5 Ra8 19. a6 Qc8 20. Rc3 Qxa6 21. Qxa6 Rxa6
22. a3 Ra4 23. Rb1 Bh6 24. Rb4 Raa8 25. Kf1 Rf7 26. Rb2 Raf8 27. Ke1 fxe4 28.
Nxe4 Rf4 29. Re2 Bxh3 30. gxh3 Rxf3 31. Rec2 R3f4 32. Re2 R4f5 33. Kf1 Bf4 34.
a4 Ra8 35. Ra2 Ra5 36. Rb3 Rf8 37. Rb5 Be3 38. Kg2 Bd4 39. Ng5 Rfa8 40. Rxa5
bxa5 41. Ne6 Bb6 42. Ra3 Re8 43. Rf3 Rc8 44. h4 e4 45. Rf4 e3 46. fxe3 Bxe3 47.
Rf3 Bd2 48. Kg3 Bh6 49. Rb3 Kf7 50. Rb7 Kf6 51. Rxc7 Rxc7 52. Nxc7 Ke5 53. Ne6
Ke4 54. Kg4 Be3 55. h5 gxh5+ 56. Kxh5 Kd3 57. Nd8 Kxc4 58. Nb7 Kxd5 59. Nxa5
Ke4 60. Nc6 Kd5 61. Na5 Kd4 62. Kg4 Kc3 63. Nc6 Kc4 64. a5 Kb5 65. Ne7 Bc5 66.
Nf5 d5 67. Kf4 Ba7 68. a6 Bb8+ 69. Ke3 Kc4 70. Kf3 Kc3 71. Nd6 h5 72. Nb5+ Kc4
73. a7 Bxa7 74. Nxa7 Kc5 75. Nc8 d4 76. Ne7 Kc4 77. Nc6 1/2-1/2

[Event "Frankfurt-chA"]
[Site "Frankfurt"]
[Date "2014.05.26"]
[Round "5"]
[White "Weiland, Thomas"]
[Black "Riha, Peter"]
[Result "1-0"]
[WhiteElo "1695"]
[BlackElo "1565"]
[PlyCount "48"]
[EventDate "2014.04.28"]
[EventType "swiss"]
[EventRounds "7"]
[EventCountry "GER"]
[SourceTitle "EXT 2015"]
[Source "ChessBase"]
[SourceDate "2014.11.20"]
[SourceVersion "1"]
[SourceVersionDate "2014.11.20"]
[SourceQuality "1"]

1. e4 e5 2. Nf3 Nc6 3. c3 Nf6 4. Qc2 d5 5. Bb5 Bd6 6. exd5 Nxd5 7. Qe4 Nf6 8.
Bxc6+ bxc6 9. Qxc6+ Bd7 10. Qc4 Rb8 11. a4 O-O 12. O-O e4 13. Ng5 Ng4 14. f4
exf3 15. Nxf3 Be6 16. Qe4 Re8 17. d4 Nf6 18. Qh4 Bc4 19. Re1 Rxe1+ 20. Qxe1 Qe8
21. Nbd2 Be2 22. Qh4 Bd1 23. Nc4 Bxa4 24. Nce5 Qc8 1-0

[Event "Madrid San Viator op 22nd"]
[Site "Madrid"]
[Date "2014.05.25"]
[Round "8"]
[White "Petru, Marius Ioan"]
[Black "Garcia Rojas, Juan Carlos"]
[Result "1-0"]
[WhiteElo "1742"]
[BlackElo "1548"]
[PlyCount "59"]
[EventDate "2014.03.23"]
[EventType "swiss"]
[EventRounds "9"]
[EventCountry "ESP"]
[SourceTitle "EXT 2015"]
[Source "ChessBase"]
[SourceDate "2014.11.20"]
[SourceVersion "1"]
[SourceVersionDate "2014.11.20"]
[SourceQuality "1"]

1. e4 e5 2. Nf3 Nc6 3. c3 d6 4. Bb5 Bd7 5. d4 exd4 6. cxd4 Nce7 7. Bc4 Be6 8.
Bxe6 fxe6 9. Qb3 Qc8 10. Ng5 d5 11. exd5 Nxd5 12. O-O Be7 13. Re1 Bxg5 14. Bxg5
Ngf6 15. Bxf6 gxf6 16. Qxd5 Ke7 17. Nc3 c6 18. Qe4 Qd7 19. d5 e5 20. f4 Rae8
21. fxe5 f5 22. Qh4+ Kf8 23. Qf6+ Kg8 24. Re3 Re7 25. e6 Qc7 26. Rg3+ Rg7 27.
Rxg7+ Qxg7 28. Qxg7+ Kxg7 29. d6 Kf6 30. Re1 1-0

[Event "Zalakaros op 33rd"]
[Site "Zalakaros"]
[Date "2014.05.24"]
[Round "2"]
[White "Csonka, Attila Istvan"]
[Black "Erdos, Boglarka"]
[Result "1-0"]
[WhiteElo "2351"]
[BlackElo "2185"]
[PlyCount "93"]
[EventDate "2014.05.23"]
[EventType "swiss"]
[EventRounds "9"]
[EventCountry "HUN"]
[SourceTitle "CBM 160 Extra"]
[Source "ChessBase"]
[SourceDate "2014.07.01"]
[SourceVersion "1"]
[SourceVersionDate "2014.07.01"]
[SourceQuality "1"]

1. e4 e5 2. Nf3 Nc6 3. c3 Nf6 4. d4 d5 5. Bb5 exd4 6. e5 Ne4 7. cxd4 Be7 8. Nc3
O-O 9. Be3 Bg4 10. h3 Bh5 11. g4 Bg6 12. h4 f6 13. h5 Nxc3 14. bxc3 Be4 15. Rh3
Bxf3 16. Rxf3 fxe5 17. Rxf8+ Bxf8 18. Bxc6 bxc6 19. dxe5 Qh4 20. Qf3 Re8 21.
Bf4 Bd6 22. Kf1 Bc5 23. Kg2 Rf8 24. Rf1 Qe7 25. Qg3 Qf7 26. Be3 Bxe3 27. Qxe3
Qf4 28. Qxf4 Rxf4 29. f3 Ra4 30. Rf2 c5 31. Rb2 d4 32. cxd4 cxd4 33. Rc2 d3 34.
Rxc7 Rxa2+ 35. Kg3 Re2 36. Rxa7 d2 37. Rd7 Kf8 38. f4 Ke8 39. Rd6 g5 40. Kf3
Re1 41. Rxd2 gxf4 42. Kxf4 Ke7 43. Ra2 Rf1+ 44. Kg5 Ke6 45. Ra7 Kxe5 46. Rxh7
Ke6 47. h6 1-0

[Event "Leiden SB-chA"]
[Site "Leiden"]
[Date "2014.05.20"]
[Round "2"]
[White "Straver, Robert"]
[Black "Kubbenga, Michael"]
[Result "1-0"]
[WhiteElo "2136"]
[BlackElo "1942"]
[PlyCount "128"]
[EventDate "2014.05.13"]
[EventType "swiss"]
[EventRounds "7"]
[EventCountry "NED"]
[SourceTitle "EXT 2015"]
[Source "ChessBase"]
[SourceDate "2014.11.20"]
[SourceVersion "1"]
[SourceVersionDate "2014.11.20"]
[SourceQuality "1"]

1. e4 e5 2. Nf3 Nc6 3. c3 Nf6 4. d4 d6 5. dxe5 Nxe5 6. Nxe5 dxe5 7. Qxd8+ Kxd8
8. Bg5 h6 9. Bh4 g5 10. Bg3 Bd6 11. Nd2 Nh5 12. Nc4 Nxg3 13. hxg3 Ke7 14. Nxd6
cxd6 15. Bc4 Be6 16. Bb3 Rad8 17. O-O-O Bxb3 18. axb3 Ke6 19. c4 Rc8 20. Rd5
Rc5 21. Rhd1 Rxd5 22. Rxd5 b6 23. Kc2 h5 24. Rd1 f6 25. b4 h4 26. Rh1 Rc8 27.
Kd3 hxg3 28. fxg3 Rc7 29. g4 Rf7 30. Rh8 Kd7 31. b5 Kc7 32. b4 Kb7 33. Kc3 Kc7
34. c5 dxc5 35. bxc5 bxc5 36. Kc4 Rd7 37. Kxc5 Rd1 38. Rh7+ Kb8 39. Rf7 Rc1+
40. Kd5 Rb1 41. Ke6 Rxb5 42. Kxf6 a5 43. Kxg5 Rb4 44. Kf5 Rb2 45. Re7 a4 46.
Rxe5 Rf2+ 47. Kg5 a3 48. Ra5 a2 49. g3 Re2 50. Kh5 Rh2+ 51. Kg6 Kc7 52. g5 Kd7
53. Kg7 Ke7 54. g6 Rf2 55. Ra3 Rh2 56. e5 Rf2 57. g4 Rh2 58. Kg8 Rg2 59. g7 Rh2
60. g5 Rg2 61. Kh7 Rxg5 62. g8=Q a1=Q 63. Rxa1 Rh5+ 64. Kg6 Rg5+ 1-0

[Event "Copenhagen Challenge"]
[Site "Ballerup"]
[Date "2014.05.18"]
[Round "9"]
[White "Danielsen, Henrik"]
[Black "Hansen, Mads"]
[Result "1/2-1/2"]
[WhiteElo "2483"]
[BlackElo "2358"]
[PlyCount "45"]
[EventDate "2014.05.14"]
[EventType "swiss"]
[EventRounds "9"]
[EventCountry "DEN"]
[SourceTitle "CBM 160 Extra"]
[Source "ChessBase"]
[SourceDate "2014.07.01"]
[SourceVersion "1"]
[SourceVersionDate "2014.07.01"]
[SourceQuality "1"]

1. e4 e5 2. Nf3 Nc6 3. c3 d5 4. d3 Nf6 5. Nbd2 a5 6. Be2 Be7 7. O-O O-O 8. b3
Re8 9. a3 Bf8 10. Rb1 b6 11. Re1 Bb7 12. Bf1 g6 13. Qc2 Bg7 14. Bb2 d4 15. Rec1
Nd7 16. cxd4 exd4 17. b4 axb4 18. axb4 Nxb4 19. Qxc7 Ba6 20. Bxd4 Nxd3 21. Qxd8
Raxd8 22. Rc7 N3c5 23. Bxg7 1/2-1/2

[Event "IRT Zonal Sub 12 Abs Zona Integrada Cen"]
[Site "?"]
[Date "2014.05.18"]
[Round "?"]
[White "Abril Bernal, Cristian Andres"]
[Black "Cruz Beltran, Andres"]
[Result "0-1"]
[WhiteElo "1463"]
[BlackElo "1463"]
[PlyCount "76"]
[EventDate "2014.??.??"]
[SourceTitle "OM OTB B 201907"]
[Source "Opening Master"]
[SourceDate "2019.07.06"]
[SourceVersion "2"]
[SourceVersionDate "2019.07.06"]
[SourceQuality "1"]

1. e4 e5 2. Nf3 Nc6 3. c3 Nf6 4. d3 d5 5. Be2 dxe4 6. dxe4 Qxd1+ 7. Bxd1 Nxe4
8. Ba4 Bd7 9. Bxc6 Bxc6 10. Nxe5 Bc5 11. Be3 Bxe3 12. fxe3 Bd5 13. O-O O-O 14.
Nf3 Rfe8 15. Re1 Nd6 16. Nbd2 f6 17. Nd4 c6 18. h3 c5 19. N4f3 Re7 20. Re2 Rae8
21. Rae1 Ne4 22. Nxe4 Bxe4 23. Nd2 Bd3 24. Rf2 Rxe3 25. Rxe3 Rxe3 26. Rf3 Re1+
27. Nf1 Bxf1 28. Rxf1 Rxf1+ 29. Kxf1 Kf7 30. Ke2 Ke6 31. Kd3 Kd5 32. c4+ Ke5
33. Ke3 g5 34. a3 h5 35. b4 cxb4 36. axb4 f5 37. g3 f4+ 38. gxf4+ gxf4+ 0-1

[Event "IRT Zonal Sub 12 Abs Zona Integrada Cen"]
[Site "?"]
[Date "2014.05.17"]
[Round "?"]
[White "Abril Bernal, Cristian Andres"]
[Black "Corredor Castellanos, Camilo"]
[Result "0-1"]
[WhiteElo "1463"]
[BlackElo "1914"]
[PlyCount "28"]
[EventDate "2014.??.??"]
[SourceTitle "OM OTB B 201907"]
[Source "Opening Master"]
[SourceDate "2019.07.06"]
[SourceVersion "2"]
[SourceVersionDate "2019.07.06"]
[SourceQuality "1"]

1. e4 e5 2. Nf3 Nc6 3. c3 Nf6 4. d3 d6 5. Bg5 h6 6. Bh4 Be7 7. h3 a6 8. Be2 O-O
9. O-O Kh8 10. Nbd2 Nh7 11. Bxe7 Qxe7 12. d4 f5 13. d5 Nb8 14. Nh4 Qxh4 0-1

[Event "CRO-chT"]
[Site "Bol"]
[Date "2014.05.15"]
[Round "3.4"]
[White "Kadric, Denis"]
[Black "Brkic, Ante"]
[Result "1-0"]
[WhiteElo "2479"]
[BlackElo "2578"]
[PlyCount "67"]
[EventDate "2014.05.14"]
[EventType "team-swiss"]
[EventRounds "6"]
[EventCountry "CRO"]
[SourceTitle "CBM 160 Extra"]
[Source "ChessBase"]
[SourceDate "2014.07.01"]
[SourceVersion "1"]
[SourceVersionDate "2014.07.01"]
[SourceQuality "1"]
[WhiteTeam "Split Brda"]
[BlackTeam "Vinkovci"]
[WhiteTeamCountry "CRO"]
[BlackTeamCountry "CRO"]

1. e4 e5 2. Nf3 Nc6 3. c3 d5 4. d3 Nf6 5. Nbd2 a5 6. Be2 Bc5 7. O-O O-O 8. a4
Re8 9. Nb3 Ba7 10. Nfd2 d4 11. Nc4 Be6 12. Nbxa5 Nxa5 13. Nxa5 c5 14. Nc4 Bxc4
15. dxc4 Nxe4 16. Bf3 Nd6 17. Bd5 Qd7 18. Ra3 Rac8 19. cxd4 cxd4 20. Rh3 Nxc4
21. Bxc4 Rxc4 22. Qd3 Rc6 23. Qxh7+ Kf8 24. Rg3 Ke7 25. Rxg7 Rf8 26. b4 d3 27.
Bg5+ Ke8 28. Rg8 Qd6 29. Rxf8+ Qxf8 30. Qxd3 f6 31. Bd2 Qd6 32. Qg6+ Kd7 33. b5
Rc8 34. Be3 1-0

[Event "CRO-chT"]
[Site "Bol"]
[Date "2014.05.15"]
[Round "2.6"]
[White "Mrdja, Milan"]
[Black "Stevic, Hrvoje"]
[Result "0-1"]
[WhiteElo "2388"]
[BlackElo "2613"]
[PlyCount "102"]
[EventDate "2014.05.14"]
[EventType "team-swiss"]
[EventRounds "6"]
[EventCountry "CRO"]
[SourceTitle "CBM 160 Extra"]
[Source "ChessBase"]
[SourceDate "2014.07.01"]
[SourceVersion "1"]
[SourceVersionDate "2014.07.01"]
[SourceQuality "1"]
[WhiteTeam "Vukovar"]
[BlackTeam "Djakovo Limmont"]
[WhiteTeamCountry "CRO"]
[BlackTeamCountry "CRO"]

1. e4 e5 2. Nf3 Nc6 3. c3 Nf6 4. d4 exd4 5. e5 Nd5 6. cxd4 Bb4+ 7. Bd2 Bxd2+ 8.
Qxd2 O-O 9. Nc3 Nxc3 10. bxc3 d6 11. exd6 cxd6 12. Be2 Na5 13. h3 b6 14. O-O
Bb7 15. Qf4 Rc8 16. Rac1 Bd5 17. Rc2 Re8 18. Bd3 Bc4 19. Rd1 h6 20. h4 Bxd3 21.
Rxd3 Nc4 22. Nd2 d5 23. Rf3 Re1+ 24. Kh2 Nd6 25. Rg3 Ne4 26. Rf3 Rc7 27. Nb3
Nd6 28. g3 Rce7 29. Rd3 R7e4 30. Qf3 Qe7 31. Kg2 Qe6 32. Rd1 Rxd1 33. Qxd1 Nf5
34. Nd2 Re1 35. Qh5 Re2 36. Kf1 Re1+ 37. Kg2 Re2 38. Kf1 Rxf2+ 39. Kxf2 Qe3+
40. Kg2 Qxg3+ 41. Kf1 Ne3+ 42. Ke2 Nxc2 43. Qxd5 Qh2+ 44. Kd3 Ne1+ 45. Ke3 Ng2+
46. Kf3 Nxh4+ 47. Ke3 Ng2+ 48. Kf3 Nh4+ 49. Ke3 Qh3+ 50. Ke2 Qe6+ 51. Qxe6 fxe6
0-1

[Event "GER Seniores Derby 13th"]
[Site "Wesel Undeloh"]
[Date "2014.05.10"]
[Round "7"]
[White "Martin, Michael"]
[Black "Nozulak, Joachim"]
[Result "1/2-1/2"]
[WhiteElo "1372"]
[BlackElo "1307"]
[PlyCount "80"]
[EventDate "2014.05.07"]
[EventType "swiss"]
[EventRounds "9"]
[EventCountry "GER"]
[SourceTitle "OM OTB B 201907"]
[Source "Opening Master"]
[SourceDate "2019.07.06"]
[SourceVersion "2"]
[SourceVersionDate "2019.07.06"]
[SourceQuality "1"]

1. e4 e5 2. Nf3 Nc6 3. c3 Nf6 4. Qc2 d6 5. h3 Be7 6. Bb5 Bd7 7. d3 a6 8. Bxc6
Bxc6 9. O-O O-O 10. Be3 b6 11. Nbd2 Bb7 12. c4 c5 13. b3 Nd7 14. Nh2 f5 15. f3
f4 16. Bf2 Bh4 17. Kh1 Bc8 18. Qd1 Qg5 19. Bxh4 Qxh4 20. Qe1 Qg3 21. Qxg3 fxg3
22. Ng4 h5 23. Ne3 h4 24. Nf5 g5 25. Nxd6 Rd8 26. Rad1 Nf6 27. Nxc8 Raxc8 28.
Nb1 Nh5 29. Nc3 Nf4 30. Nd5 Nxd5 31. cxd5 a5 32. Rd2 Kf7 33. Rc1 Ke7 34. Kg1
Rd7 35. Kf1 b5 36. a3 Ra7 37. Rdc2 Rac7 38. Ke2 Kd7 39. f4 gxf4 40. Kf3 Kd6
1/2-1/2

[Event "Capablanca Memorial op 49th"]
[Site "Havana"]
[Date "2014.05.10"]
[Round "3"]
[White "Llaudy Pupo, Lisandra"]
[Black "Marrero Lopez, Yaniet"]
[Result "0-1"]
[WhiteElo "2246"]
[BlackElo "2340"]
[PlyCount "48"]
[EventDate "2014.04.08"]
[EventType "swiss"]
[EventRounds "10"]
[EventCountry "CUB"]
[SourceTitle "CBM 160 Extra"]
[Source "ChessBase"]
[SourceDate "2014.07.01"]
[SourceVersion "1"]
[SourceVersionDate "2014.07.01"]
[SourceQuality "1"]

1. e4 e5 2. Nf3 Nc6 3. c3 d5 4. Qa4 f6 5. Bb5 Nge7 6. exd5 Qxd5 7. O-O Be6 8.
d4 e4 9. Nfd2 f5 10. Nb3 a6 11. c4 Qd8 12. Bxc6+ Nxc6 13. d5 b5 14. cxb5 axb5
15. Qxb5 Qxd5 16. Qe2 Bd6 17. Qh5+ Bf7 18. Qh3 O-O 19. Nc3 Qe5 20. Ne2 Qf6 21.
Rd1 f4 22. Ned4 Nxd4 23. Nxd4 Be5 24. Nb3 Be6 0-1

[Event "KAZ-ch (Women)"]
[Site "Astana"]
[Date "2014.05.07"]
[Round "5"]
[White "Bauyrzhan, Arnash"]
[Black "Mynzhasarova, Kamilla"]
[Result "1/2-1/2"]
[WhiteElo "1895"]
[BlackElo "1865"]
[PlyCount "60"]
[EventDate "2014.05.03"]
[EventType "swiss"]
[EventRounds "9"]
[EventCountry "KAZ"]
[SourceTitle "CBM 160 Extra"]
[Source "ChessBase"]
[SourceDate "2014.07.01"]
[SourceVersion "1"]
[SourceVersionDate "2014.07.01"]
[SourceQuality "1"]

1. e4 e5 2. Nf3 Nc6 3. c3 Nf6 4. d4 exd4 5. e5 Nd5 6. Qb3 Nce7 7. cxd4 Nb6 8.
Nc3 d5 9. exd6 Qxd6 10. Nb5 Qd8 11. Bf4 Ned5 12. Bd2 Be7 13. Bd3 c6 14. Nc3 Be6
15. Qd1 O-O 16. a3 Bg4 17. O-O Bf6 18. Be3 Re8 19. Ne4 h6 20. h3 Bf5 21. Nxf6+
Qxf6 22. Ne5 Nd7 23. Nc4 Bxd3 24. Qxd3 Nxe3 25. fxe3 Qe6 26. Rae1 Nf6 27. Ne5
Rad8 28. Qc2 Re7 29. Rf5 Nd7 30. Nc4 Rde8 1/2-1/2

[Event "BCF-chT3 1314 (4NCL)"]
[Site "England"]
[Date "2014.05.04"]
[Round "10.228"]
[White "Gibson, Christopher A"]
[Black "Burgin, Ryan"]
[Result "1-0"]
[WhiteElo "2020"]
[BlackElo "2047"]
[PlyCount "49"]
[EventDate "2013.11.16"]
[EventType "team-swiss"]
[EventRounds "11"]
[EventCountry "ENG"]
[SourceTitle "EXT 2015"]
[Source "ChessBase"]
[SourceDate "2014.11.20"]
[SourceVersion "1"]
[SourceVersionDate "2014.11.20"]
[SourceQuality "1"]
[WhiteTeam "The Rookies"]
[BlackTeam "Manchester Manticores"]
[WhiteTeamCountry "ENG"]
[BlackTeamCountry "ENG"]

1. e4 e5 2. Nf3 Nc6 3. c3 Nf6 4. d4 exd4 5. e5 Nd5 6. Qb3 Nb6 7. cxd4 d5 8. Bd3
Be7 9. Be3 O-O 10. Nbd2 Be6 11. a3 Qd7 12. Qc2 g6 13. h4 f5 14. Bh6 Rfe8 15.
Nb3 Nc4 16. h5 b6 17. hxg6 hxg6 18. Ke2 a5 19. Nbd2 Kf7 20. Bg5 Rh8 21. Bxe7
Kxe7 22. b3 b5 23. Qc1 a4 24. Nxc4 Rxh1 25. Qg5+ 1-0